Ortografía: para educación general básica. Gramática ilustrada.

Guardat en:
Dades bibliogràfiques
Autor principal: Montes Brunet, Hugo (autor)
Altres autors: Laire, Iris de (autor)
Format: Llibre
Idioma:espanyol
Publicat: Valparaíso, Chile Universitarias de Valparaíso 1977
Edició:Primera edición
Col·lecció:Aula Básica
Matèries:
Etiquetes: Afegir etiqueta
Sense etiquetes, Sigues el primer a etiquetar aquest registre!

MARC

LEADER 00000nam a2200000 a 4500
001 UCY8464
003 CL-VaPUC
005 20220830074157.0
008 950703e19770000CL |||||||||||||||||spa|d
999 |c 235704  |d 235702 
040 |c Pontificia Universidad Católica de Valparaíso 
082 0 4 |a 372.632 MON 1977  |2 21 
100 |a Montes Brunet, Hugo   |e autor  |9 416030 
245 1 0 |a Ortografía: para educación general básica. Gramática ilustrada. 
250 |a Primera edición 
260 0 3 |a Valparaíso, Chile  |b Universitarias de Valparaíso  |c 1977 
300 |a 151 páginas 
490 0 |a Aula Básica 
583 |a last modification  |c 20170830 09:25:14  |k Rodrigo Vera 
650 0 |a Ortografía  |9 309144 
650 0 |a Educación lingüística  |9 306506 
650 0 |a Educación básica   |9 224933 
650 0 |a Académicos   |x Pontificia Universidad Católica de Valparaíso (PUCV)  |9 255553 
650 0 |a Archivo histórico PUCV  |9 255554 
700 0 |a Laire, Iris de  |e autor  |9 339849 
942 |c BK  |2 ddc 
945 |d 19950703 00:00:00  |a mfernand 
952 |0 0  |1 0  |2 ddc  |4 0  |6 372_632000000000000_MON_1977  |7 0  |8 P  |9 243296  |a BIBEDU  |b BIBEDU  |c BIBEDU_PB  |d 2019-11-18  |i 1528068  |o 372.632 MON 1977  |p 1528068  |r 2024-01-25  |t 3  |w 2019-11-18  |y BK  |k EDU 
952 |0 0  |1 0  |2 ddc  |4 0  |6 372_632000000000000_MON_1977  |7 0  |8 X  |9 243297  |a FDOBUD  |b FDOBUD  |d 2019-11-18  |i 1024272  |o 372.632 MON 1977  |p 1024272  |r 2019-11-18  |t 2  |w 2019-11-18  |y BK_X  |k FHP